Ładuje się......

The British pharmacopœia.

Opis bibliograficzny
organizacja autorów: General Medical Council (Great Britain), Great Britain. Medicines Commission, Great Britain. Dept. of Health and Social Security
Format: Printed Book
Język:English
Wydane: London : Published for the General Medical Council by Constable & Co.,
Hasła przedmiotowe:
LEADER 00782mas a2200205 a 4500
005 20160323130358.0
008 750812d1uuu1997enk x o0 a0eng d
082 0 0 |a 547  |b BRI 
245 0 4 |a The British pharmacopœia. 
300 |a v. :  |b ill. ;  |c 23 cm. 
653 |a British pharmacopeia 
710 2 |a General Medical Council (Great Britain)  |9 7017 
710 1 |a Great Britain.  |b Medicines Commission.  |9 7018 
710 1 |a Great Britain.  |b Dept. of Health and Social Security.  |9 7019 
942 |c REF  |6 _ 
260 |a London :  |b Published for the General Medical Council by Constable & Co., 
500 |a Description based on: 1914. 
020 |a 113204264* 
999 |c 156726  |d 156726 
952 |0 0  |1 0  |2 ddc  |4 0  |6 547_BRI  |7 0  |9 205129  |a DAC  |b DAC  |c REF  |d 2010-02-03  |o 547 BRI  |p CHE611  |r 2010-02-03  |w 2010-02-03  |y REF